Every Minor League Baseball Team - Statistics

General Stats
  • This quiz has been taken 7 times
  • The average score is 44 of 117
Answer Stats
Hint Answer % Correct
AAA Bulls
80%
AA Biscuits
60%
High-A Canadians
60%
AAA Clippers
60%
AAA | High-A | Low-A Cubs
60%
Low-A Giants
60%
AAA | High-A Indians
60%
AAA Jumbo Shrimp
60%
AAA Knights
60%
AAA | Low-A Mets
60%
AAA Mud Hens
60%
Low-A Nationals
60%
Low-A Red Sox
60%
AAA River Cats
60%
AAA Tides
60%
AAA Aces
40%
High-A Aquasox
40%
AAA Aviators
40%
AA Barons
40%
AAA Bats
40%
AA Baysox
40%
AAA Bees
40%
Low-A Blue Jays
40%
AA Blue Wahoos
40%
AA Braves
40%
Low-A Cardinals
40%
AAA Chihauhaus
40%
AAA Comets
40%
High-A Crawdads
40%
AA Curve
40%
High-A Cyclones
40%
High-A Dash
40%
High-A Dragons
40%
AA Drillers
40%
High-A Drive
40%
High-A Dust Devils
40%
High-A Emeralds
40%
AAA Express
40%
AA Fightin Phils
40%
Low-A Fireflies
40%
AA Fisher Cats
40%
AA Flying Squirrels
40%
High-A Grasshoppers
40%
Low-A Green Jackets
40%
AA Hooks
40%
High-A Hops
40%
High-A Hot Rods
40%
AAA Iron Pigs
40%
AAA Isotopes
40%
High-A Kernels
40%
AA Lookouts
40%
High-A Loons
40%
High-A Lugnuts
40%
Low-A Marauders
40%
AA Missions
40%
AA Naturals
40%
AA Patriots
40%
Low-A Pelicans
40%
AAA Redbirds
40%
AAA Red Wings
40%
High-A Renegades
40%
High-A River Bandits
40%
Low-A River Dogs
40%
AA Rock Hounds
40%
AA Rough Riders
40%
AA Rubber Ducks
40%
AA Rumble Ponies
40%
AA Sea Dogs
40%
AA Sea Wolves
40%
AA Senators
40%
Low-A Shorebirds
40%
AA Shuckers
40%
AA Smokies
40%
AA Sod Poodles
40%
AAA Sounds
40%
Low-A Storm
40%
AAA Stripers
40%
High-A Timber Rattlers
40%
High-A Tin Caps
40%
High-A Tourists
40%
AA Trash Pandas
40%
AA Travelers
40%
High-A White Caps
40%
AAA White Sox
40%
AA Wind Surge
40%
Low-A Woodpeckers
40%
AA Yard Goats
40%
Low-A 66ers
20%
AAA Bisons
20%
High-A Blue Claws
20%
High-A Blue Rocks
20%
Low-A Cannonballers
20%
High-A Captains
20%
High-A Chiefs
20%
High-A Emporers
20%
Low-A Flying Tigers
20%
Low-A Grizzlies
20%
Low-A Hammerheads
20%
Low-A Nuts
20%
Low-A Ports
20%
Low-A Quakes
20%
Low-A Rawhide
20%
AAA Space Cowboys
20%
Low-A Tarpons
20%
Low-A Threshers
20%
High-A Carp
0%
Low-A Ducks
0%
Low-A Hillcats
0%
High-A Iron Birds
0%
Low-A Mighty Mussels
0%
Low-A Mudcats
0%
AAA Rail Raiders
0%
AAA Rainers
0%
No matching quizzes found
Score Distribution
Percent of People with Each Score
Percentile by Number Answered
Your Score History
You have not taken this quiz